Franco Volpi : (Record no. 197814)

MARC details
000 -LEADER
campo de control de longitud fija 01148nam a2200361 i 4500
001 - NÚMERO DE CONTROL
campo de control 197814
003 - IDENTIFICADOR DE NÚMERO DE CONTROL
campo de control ES-MaACL
005 - FECHA Y HORA DE LA ÚLTIMA TRANSACCIÓN
campo de control 20251015201051.0
007 - CAMPO FIJO DE DESCRIPCIÓN FÍSICA--INFORMACIÓN GENERAL
campo de control de longitud fija ta
008 - DATOS DE LONGITUD FIJA--INFORMACIÓN GENERAL
campo de control de longitud fija 250910s2019 it ||||| |||| 001 0 ita d
020 ## - NÚMERO INTERNACIONAL ESTÁNDAR DEL LIBRO
Número Internacional Estándar del Libro 978-88-372-3305-1
040 ## - FUENTE DE CATALOGACIÓN
Lengua de catalogación spa
Centro/agencia transcriptor ES-MaACL
080 ## - NÚMERO DE LA CLASIFICACIÓN DECIMAL UNIVERSAL
Número de la Clasificación Decimal Universal 1"19" Volpi, Franco
245 00 - MENCIÓN DEL TÍTULO
Título Franco Volpi :
Resto del título il pudore del pensiero /
Mención de responsabilidad, etc. Giovanni Gurisatti, Antonio Gnoli (eds.)
250 ## - MENCION DE EDICION
Mención de edición Prima edizione : giugno 2019
264 #1 - PRODUCCIÓN, PUBLICACIÓN, DISTRIBUCIÓN, FABRICACIÓN Y COPYRIGHT
Producción, publicación, distribución, fabricación y copyright Brescia :
Nombre del de productor, editor, distribuidor, fabricante Morcelliana,
Fecha de producción, publicación, distribución, fabricación o copyright 2019
264 #4 - PRODUCCIÓN, PUBLICACIÓN, DISTRIBUCIÓN, FABRICACIÓN Y COPYRIGHT
Producción, publicación, distribución, fabricación y copyright ©2019
300 ## - DESCRIPCIÓN FÍSICA
Extensión 294 páginas ;
Dimensiones 21 cm
336 ## - TIPO DE CONTENIDO
Fuente rdacontent
Término de tipo de contenido texto
337 ## - TIPO DE MEDIO
Fuente rdamedia
Nombre/término del tipo de medio sin mediación
338 ## - TIPO DE SOPORTE
Fuente rdacarrier
Nombre/término del tipo de soporte volumen
490 1# - MENCIÓN DE SERIE
Mención de serie Filosofia ;
Designación de volumen o secuencia 98.
Nombre de parte o sección de la obra Testi e studi
500 ## - NOTA GENERAL
Nota general Índice
600 04 - PUNTO DE ACCESO ADICIONAL DE MATERIA--NOMBRE DE PERSONA
9 (RLIN) 115713
Nombre de persona Volpi, Franco
650 #7 - PUNTO DE ACCESO ADICIONAL DE MATERIA--TÉRMINO DE MATERIA
Fuente del encabezamiento o término embne
9 (RLIN) 144498
Término de materia o nombre geográfico como elemento de entrada Filosofía moderna
700 1# - ENTRADA AGREGADA--NOMBRE PERSONAL
9 (RLIN) 242235
Nombre de persona Gurisatti, Giovanni
Término indicativo de función/relación Editor literario
700 1# - ENTRADA AGREGADA--NOMBRE PERSONAL
9 (RLIN) 242236
Nombre de persona Gnoli, Antonio
Término indicativo de función/relación Editor literario
852 ## - LOCALIZACIÓN
Ubicación ES-MaACL
Ubicación en estantería Depósito 1
Número de control de estantería A-15805
Encuadernación Encuadernación rústica
itemnumber 206785
942 ## - ELEMENTOS DE ENTRADA SECUNDARIOS (KOHA)
Suprimir en OPAC No
Tipo de ítem Koha Libro impreso
Holdings
Estatus retirado Estado de pérdida Fuente del sistema de clasificación o colocación Estado de daño No para préstamo Biblioteca de origen Biblioteca actual Ubicación en estantería Fecha de adquisición Fuente de adquisición Total de préstamos Signatura topográfica completa Código de barras Visto por última vez Precio de reemplazo Tipo de ítem Koha
    Clasificación decimal universal     Biblioteca del Ateneo de Madrid Biblioteca del Ateneo de Madrid Depósito 1 05/09/2025 Donación   A-15805 2025-1216 10/09/2025 10/09/2025 Libro impreso